Word Ladder: Triple Common Bond III Quiz Stats

Quiz Updated Jun 22, 2016

Challenge
Share
Tweet
Embed
Score 0/60 Timer 06:00
0 Plays Today
Hint 4-Letter Word % Correct
✧ Winter precipitation ✧SNOW
94.3%
Nasal dischargeSNOT
93.7%
Moving at low speedSLOW
92.7%
Clear part of eyeglassesLENS
92.6%
✧ Not firm to the touch ✧SOFT
92.5%
Not as muchLESS
92%
✧ Birthday candle platform ✧CAKE
92%
Allow to borrowLEND
91.6%
✧ Bound reading material ✧BOOK
91.5%
✧ Labor ✧WORK
91.4%
Black carbon powderSOOT
90.8%
✧ What Little Boy Blue blows ✧HORN
90.7%
MIB actor RipTORN
90.7%
Ceramic floor squareTILE
90.6%
Element #82 (Pb)LEAD
90.5%
Chicken condoCOOP
90.4%
Heat cookie doughBAKE
90.3%
1.60934 kmMILE
90%
Hack with axeCHOP
90%
Upper story spaceLOFT
90%
Sentence partWORD
89.7%
Plaster for broken boneCAST
89.4%
UK explorer of Hawaii and NZCOOK
89.1%
Yellow part of eggYOLK
88.9%
Rubber part of wheelTIRE
88.7%
Perceive with eyesLOOK
88.5%
Early part of dayMORN
88.5%
✧ Install software ✧LOAD
88.4%
✧ Earth's natural satellite ✧MOON
88.3%
Master or rulerLORD
87.9%
Hint 4-Letter Word % Correct
Prince Andrew, Duke of ____YORK
87.8%
____ la vie (that's life!)C'EST
87.8%
✧ Examination ✧TEST
87.2%
Spoils of warLOOT
87.2%
Mindy's alien friendMORK
86.8%
Supreme Court nominee RobertBORK
86.7%
✧ Exhibition ✧SHOW
86.5%
Food (informally)CHOW
86.2%
Hardy's woman of the d'UrbervillesTESS
86.1%
Music of Woody Guthrie FOLK
84.2%
Pulled apart by forceTORE
83.9%
To father offspringSIRE
83.1%
Canal device for raising shipsLOCK
81.3%
Shed feathers seasonallyMOLT
80.7%
Of no consequenceMOOT
78.3%
Seminal fluid of fishMILT
77%
✧ Flank ✧SIDE
76.1%
✧ Fine, open fabric ✧LACE
75.8%
To be in needLACK
74.7%
Ethnic groupRACE
73.7%
Columbo actor PeterFALK
72.9%
Fixed charge for servicesRATE
72.2%
'Smooth Operator' singerSADE
71.7%
Blackthorn berry used in ginSLOE
71.1%
To have greetedBADE
70.7%
Carry heavy weightTOTE
65.3%
✧✧ COMMON BOND #2 ✧✧CASE
64.1%
Habitual repetition ROTE
64%
✧✧ COMMON BOND #1 ✧✧SHOE
56.2%
✧✧ COMMON BOND #3 ✧✧WALK
47.9%

Today's Daily Dose

You're not logged in!

Compare scores with friends on all Sporcle quizzes.
Join for Free
OR
Log In

You Might Also Like...

Show Comments

Extras

Top Quizzes Today


Score Distribution

Your Account Isn't Verified!

In order to create a playlist on Sporcle, you need to verify the email address you used during registration. Go to your Sporcle Settings to finish the process.

Report this User

Report this user for behavior that violates our Community Guidelines.

Details: